| 000 -LEADER |
| fixed length control field |
00982nam a2200229 a 4500 |
| 001 - CONTROL NUMBER |
| control field |
:::00021272$&:&@@ |
| 003 - CONTROL NUMBER IDENTIFIER |
| control field |
OkBaRHE |
| 005 - DATE AND TIME OF LATEST TRANSACTION |
| control field |
20071128124645.0 |
| 008 - FIXED-LENGTH DATA ELEMENTS--GENERAL INFORMATION |
| fixed length control field |
s2002 j 000 0 eng u |
| 020 ## - INTERNATIONAL STANDARD BOOK NUMBER |
| International Standard Book Number |
0892767421 |
| 040 ## - CATALOGING SOURCE |
| Transcribing agency |
|
| 100 1# - MAIN ENTRY--PERSONAL NAME |
| Personal name |
Hagin, Kenneth Jr. |
| 245 10 - TITLE STATEMENT |
| Title |
Built to last : |
| Remainder of title |
how to bulid a strong and lasting relationships with God, family and friends |
| 250 ## - EDITION STATEMENT |
| Edition statement |
1st Edition |
| 260 ## - PUBLICATION, DISTRIBUTION, ETC. (IMPRINT) |
| Place of publication, distribution, etc |
Tulsa,OK |
| Name of publisher, distributor, etc |
Rhema Bible Church |
| Date of publication, distribution, etc |
c2002 |
| 300 ## - PHYSICAL DESCRIPTION |
| Extent |
181 p |
| 650 ## - SUBJECT ADDED ENTRY--TOPICAL TERM |
| Topical term or geographic name as entry element |
Relationships |
| General subdivision |
God, Relationships |
| -- |
Family, Relationships-Friends |
| 942 ## - ADDED ENTRY ELEMENTS (KOHA) |
| Source of classification or shelving scheme |
|
| Koha item type |
Books |